00875nam a2200241 a 450000100100000000500170001000800410002704000250006808200170009310000490011024501030015926000500026230000210031249000250033350000410035850000480039950000340044750000450048165000260052665000270055265100290057983000250060800002154120200930011347.0100908s1968 sp r 000 | spa d aDO-SdBNPbspacBNPHU a860.9bF363p1 aFernández de la Mora , Gonzalod1924 -200210aPensamiento en español, 1966 :bde Marañón a López-Ibor /cGonzalo Fernández de la Mora. aMadrid, (España) :bEdiciones Rialp,c1968. a415 p. ;c19 cm.1 aBolsillo Rialp ;v43 aIncluye referencias bibliográficas aIncluye referencias al pie de las páginas aIncluye índice onomástico aIncluye lista de obras de la colección 4aLiteratura española 4aFilosofía española 4aEspañaxCivilización 0aBolsillo Rialp ;v43